| 000 | 00604nam a22001817a 4500 | ||
|---|---|---|---|
| 003 | CEME | ||
| 005 | 20210628202840.0 | ||
| 008 | 210203b xxu||||| |||| 00| 0 eng d | ||
| 020 | _a1-55587-591-2 | ||
| 040 | _c. | ||
| 082 | _a320.4669 TRA | ||
| 100 |
_aDiamond, Larry Kirk-Greene, Anthony Oyediran, Oyeleye _961948 |
||
| 245 | _aTransition without end, nigerian politics and civil society under babangida | ||
| 260 |
_aLONDON _bA BELL & HARVAY _c1997 |
||
| 300 | _aXI,515P | ||
| 650 |
_aCIVEIL SOCIETY0-NIGERIA, DEMOCRACY- NIGERIA, NIGERIA POLITICS AND GOVERNMENT 1984 _961949 |
||
| 942 |
_cBK _2ddc |
||
| 999 |
_c571220 _d571220 |
||